Carregant...

The discovery of India

Dades bibliogràfiques
Autor principal: Nehru,Jawaharlal
Format: Printed Book
Idioma:English
Publicat: Calcutta, Signet, 1982
Matèries:
LEADER 00476 a2200145 4500
008 150103s9999 000 0 eng
082 |a 954 NEH/DI 
100 |a Nehru,Jawaharlal 
245 |a The discovery of India 
260 |a Calcutta,  |b Signet,  |c 1982 
300 |a 582 p.: 
650 |a History India 
942 |c BK 
999 |c 304687  |d 304687 
952 |0 0  |1 0  |2 ddc  |4 0  |6 954_000000000000000_NEH_DI  |7 0  |9 349257  |a DRA  |b DRA  |c ST1  |d 2011-08-26  |i 3819  |l 0  |o 954 NEH/DI  |p DRA3819  |r 2019-01-03  |w 2019-01-03  |y BK